Squadre di calcio e le loro Città - Statistics

Statistiche generali
  • Questo quiz è stato fatto 358 volte
    357 dall'ultimo reset
  • Il punteggio medio è 26 su 48
Statistiche sulle risposte
Squadra Città % Corretto
Juventus Torino
100%
Chelsea Londra
97%
Sampdoria Genova
88%
Arsenal Londra
85%
Inter Milano
84%
Benfica Lisbona
83%
Lazio Roma
80%
West Ham United Londra
76%
Fiorentina Firenze
75%
Ajax Amsterdam
74%
Celtic Glasgow
74%
Tottenham Londra
74%
Real Betis Siviglia
72%
Stella Rossa Belgrado
71%
Boca Juniors Buenos Aires
71%
Atalanta Bergamo
70%
Beşiktaş Istanbul
69%
Espanyol Barcellona
66%
Everton Liverpool
66%
Galatasaray Istanbul
60%
Panathinaikos Atene
58%
Fenerbahçe Istanbul
58%
PSV Eindhoven
56%
Rangers Glasgow
56%
Feyenoord Rotterdam
55%
APOEL Nicosia
54%
River Plate Buenos Aires
53%
Levante Valencia
46%
Botafogo Rio de Janeiro
44%
Club América Città del Messico
43%
Rayo Vallecano Madrid
43%
Ferencváros Budapest
42%
Aston Villa Birmingham
40%
Flamengo Rio de Janeiro
40%
Fluminense Rio de Janeiro
38%
Peñarol Montevideo
35%
Al Hilal Riad
35%
Real Sociedad San Sebastián
33%
Palmeiras San Paolo
27%
Nacional Montevideo
26%
Grasshopper Zurigo
25%
Corinthians San Paolo
24%
Al Ahly Il Cairo
23%
Internacional Porto Alegre
23%
Schalke 04 Gelsenkirchen
17%
Osasuna Pamplona
17%
Cruzeiro Belo Horizonte
11%
Grêmio Porto Alegre
11%
Nessun quiz corrispondente trovato
Distribuzione punteggi
Percentuale di utenti per punteggio
Percentile per numero di risposta
I tuoi punteggi nel tempo
Non hai fatto questo quiz dall'ultimo reset